000 00861nam a2200253 a 4500
001 001454
003 BD-ChCU
005 20230204155941.0
008 2011s2015 abg b 002 0 ben
020 _a৯৮৪৩০০০০০১২৭৮
040 _aDLC
_cDLC
_dBD-ChCU
082 0 0 _a২০০.১/ওদু২৯ধ
100 1 _aওদুদ, মো: অবদুল
_c
245 _aধর্মদর্শন
_c
_cমো: আবদুল ওদুদ
246 _aDharma darshan
_c
_cMd. Abdul Odud
250 _a৩পরি সং
260 _aঢাকা
_cমনন পাব.
_c২০১১
300 _a৫৪৪পৃ:
504 _aIncludes Bibliographical reference (P540-544 and index.
650 _aধর্ম দর্শন
_cধর্ম
650 _aDharma Darshan
700 1 _a
942 _2ddc
_cBK
999 _c1454
_d1454